000
00282nam a22001337a 4500
008
190305b xxu||||| |||| 00| 0 eng d
020
_a
9781566194273
041
_a
eng
080
_a
710
100
_a
45
101
_a
ART
245
_a
Claude Monet
_c
Nunhead, N
942
_2
udc
_c
BK
999
_c
54524
_d
54524